000
00296nam a22001337a 4500
008
181017b xxu||||| |||| 00| 0 eng d
020
_a
9780781731942
041
_a
eng
080
_2
5th
_a
611
100
_a
6
101
_a
ANA
245
_a
Color Atlas of Anatomy
_c
Rohen,J.W
942
_2
udc
_c
BK
999
_c
50011
_d
50011